|
|
|
|
| LEADER |
00000nam a2200000 a 4500 |
| 001 |
vtls010560074 |
| 003 |
SK-MaSNL |
| 005 |
20260302013051.0 |
| 008 |
240314s2010 hu hob f 001 0dhun |
| 020 |
|
|
|a 9789638880710
|q (viaz.)
|
| 040 |
|
|
|a SNK
|b slo
|c SNK
|e AACR2
|
| 041 |
0 |
|
|a hun
|b eng
|b ger
|b slo
|
| 044 |
|
|
|a hu
|c HU
|
| 072 |
|
7 |
|a 929.5/.9
|x Genealógia. Heraldika. Šľachta. Vlajky
|2 konspekt
|
| 080 |
|
|
|a 929.732
|2 2001
|
| 080 |
|
|
|a 929.5
|2 2001
|
| 080 |
|
|
|a (048.8)
|2 2001
|
| 100 |
1 |
|
|a Szirmay, Gábor,
|d 1947-
|4 aut
|9 437472
|
| 245 |
1 |
0 |
|a A szirmay és szirmabesenyői Szirmay család története
|c Szirmay Gábor
|
| 250 |
|
|
|a Javított, bővített kiad.
|
| 260 |
|
|
|a Debrecen
|b [s.n.]
|c 2010
|
| 300 |
|
|
|a 391 s.
|b faks, fotogr., mp., tab.
|c 24 cm
|
| 490 |
1 |
|
|a Régi magyar családok ;
|v 9
|
| 546 |
|
|
|a Res. angl., nem., slov.
|
| 600 |
3 |
7 |
|a Szirmay (rod)
|2 SNKMA
|9 603837
|
| 650 |
0 |
7 |
|a šľachtické rody
|2 SNKPH
|9 31798
|
| 650 |
0 |
7 |
|a House of nobility
|2 SNKPHeng
|9 306784
|
| 650 |
0 |
7 |
|a genealógia
|2 SNKPH
|9 4978
|
| 650 |
0 |
7 |
|a Genealogy
|2 SNKPHeng
|9 266703
|
| 650 |
0 |
7 |
|a dejiny
|2 SNKPH
|9 3825
|
| 650 |
0 |
7 |
|a History
|2 SNKPHeng
|9 265139
|
| 655 |
|
7 |
|a štúdie
|2 SNKPH
|9 57033
|
| 655 |
|
7 |
|a Studies
|2 SNKPHeng
|9 265573
|
| 752 |
|
|
|a Maďarsko
|d Debrecín
|
| 830 |
|
0 |
|a Régi magyar családok
|9 437469
|
| 919 |
|
|
|a 978-963-88807-1-0
|
| 999 |
|
|
|c 1011613
|d 1013543
|
| 952 |
|
|
|a SNK
|b SNK
|y VYP
|7 0
|p 17A1093417
|o snkIC 140931
|i snk2013/28657
|8 1
|3 Po vrátení dať Martine Skaličanovej - obsahové slovacikum.
|0 0
|1 0
|4 0
|d 2013-11-22
|l 0
|r 2026-02-24 12:55:50
|w 2026-02-24
|